| 000 | 00473nam a2200157 i 4500 | ||
|---|---|---|---|
| 001 | bg | ||
| 100 | 1 | _aJANKOWSKI, Fryderyk | |
| 245 | 0 |
_aEkonomiczna praca dużych pompowni hydroforowych : _bwpływ sposobu sterowania na ekonomię / _cFryderyk Jankowski, M. Kłosowski, Z. Nowakowski. |
|
| 260 |
_aWrocław, _c1976. |
||
| 700 | 1 | _aKŁOSOWSKI, M. | |
| 700 | 1 | _aNOWAKOWSKI, Z. | |
| 040 | _cBPK | ||
| 041 | _apol | ||
| 942 | _cKS | ||
| 008 | s pl f |000 0 pol | ||
| 999 |
_c27315 _d27315 |
||
| 856 |
_uhttp://koha.tu.koszalin.pl/cgi-bin/koha/opac-detail.pl?biblionumber=27315 _yKatalog online BPK |
||